| 000 | 00461nam a2200181Ia 4500 | ||
|---|---|---|---|
| 005 | 20260523113338.0 | ||
| 008 | 131103s9999 xx 000 0 und d | ||
| 040 | _aLoreto College | ||
| 041 | _aEnglish | ||
| 082 |
_a808.8 _bLEH |
||
| 245 |
_aPleasures of new writing _cEdited by John Lehmann |
||
| 260 |
_aLondon _bJohn Lehmann _c1952 |
||
| 300 | _a430p. | ||
| 650 | _aEnglish Literature | ||
| 700 | _aLehmann, John; ed. | ||
| 850 | _aLCLIB | ||
| 942 | _cBK | ||
| 999 |
_c20893 _d71372 |
||